Normal view
MARC view
- Mn-47: (mathematical notes (princeton university press)
Entry Uniform Title
001 - CONTROL NUMBER
- control field: 8880
003 - CONTROL NUMBER IDENTIFIER
- control field: NUST
005 - DATE AND TIME OF LATEST TRANSACTION
- control field: 20180118153906.0
008 - FIXED-LENGTH DATA ELEMENTS
- fixed length control field: 180118|| aca||aabn | a|a d
040 ## - CATALOGING SOURCE
- Original cataloging agency: NUST
- Transcribing agency: NUST
130 ## - HEADING--UNIFORM TITLE
- Uniform title: Mn-47: (mathematical notes (princeton university press)
670 ## - SOURCE DATA FOUND
- Source citation: Work cat.: (NUST)28973: Faris, William G. 8879, Diffusion, quantum theory, and radically elementary mathematics. /, 2006.
